00233nam a2200085Ia 4500008004100000041000800041100002300049245004400072260003100116230508s2004 xx 000 0 und d aeng aAHO SETHI & ULLMAN aCOMPILERS PRINCIPLES TECHNIQUES & TOOLS bPEASON EDU. PVT. LTDc2004